000 00821nas a2200277 4500
001 BR8500276
003 BR-BrBNA
005 20231205090056.0
007 ta
008 230509b bl.|||p| |||| 00| 00por d
040 _aBR-BrBNA
_bpor
_cBiblioteca Nacional de Agricultura
041 _a(Pt)
072 _aL73
100 1 _aAragao, F.M.
100 1 _aSchilid, A.L.P.
100 1 _aPimentel, C.A.
245 1 _aBiopsia uterina no diagnostico de metrite em bovinos
246 1 _aUterine biopsy in diagnosing metritis in cattle
650 _aBOVINO
650 _aMETRITE
650 _aDIAGNOSTICO
650 _aBIOPSIA
773 0 _tRevista Brasileira de Reproducao Animal (Brazil)
_xISSN 0102-0803
_g(1984), v. 8(2) p. 101-111
_wBR8500276
909 _a202311
_bLúcia
_c55
_dLúcia Elande
942 _2AGRIS
_n0
_cANA
999 _c115988
_d115988